| 000 | 00553nam a2200193Ia 4500 | ||
|---|---|---|---|
| 003 | IN-BaIIA | ||
| 008 | 211028s9999 xx 000 0 eng d | ||
| 040 | _cIIA Library | ||
| 080 |
_a52 _bLOV |
||
| 245 | 0 |
_aAstronomy _bvol. 1 _cedited by Bernard. Lovell |
|
| 260 |
_aAmsterdam _bElsevier _c1970 |
||
| 300 | _axvi, 416p. | ||
| 490 | _aThe Royal Institution Library of Science Series | ||
| 650 |
_aAstronomy _980 |
||
| 650 | _aAstronomy and Astrophysics Thesaurus | ||
| 650 |
_aAstrophysics _9794 |
||
| 700 |
_aLovell, Bernard., ed. _92218 |
||
| 942 | _cBK | ||
| 999 |
_c4036 _d4036 |
||